| 000 | 00730cam a2200217 4500 | ||
|---|---|---|---|
| 008 | 080121t2005 mx 000 0 spa u | ||
| 020 | _a8487682626 | ||
| 035 | _aa467846 | ||
| 245 | 0 | 0 |
_aParadigmas de gobernación y de exclusión social en la educación : _bFundamentos para el análisis de la discriminación escolar contemporánea / Coomp.Julián J.Luengo |
| 250 | _a1 | ||
| 260 |
_aMéxico : _bPomares, _cc2005 |
||
| 300 |
_a272 p. ; _c23 cm |
||
| 440 | 0 | _aEducación y Conocimiento | |
| 504 | _aIncluye Índice | ||
| 590 | _aFILOSOFÍA | ||
| 650 | 4 | _aIntegración Escolar | |
| 650 | 4 | _aDescriminación en Educación | |
| 700 | 1 | _aJ.Luengo, Julián, Coomp. | |
| 942 |
_2lcc _cLIB |
||
| 999 |
_c125892 _d125892 |
||